| 000 | 00332nam a2200109Ia 4500 | ||
|---|---|---|---|
| 008 | 220216s9999 xx 000 0 und d | ||
| 100 | _aNaidu R | ||
| 245 | 0 | _aCoffee research-Challenges and strategies | |
| 260 | _bPLACROSYM XV 10-13 December 2002, Mysore : Silver Jubilee Souvenir. pp.1-9 | ||
| 650 | _aCoffee research | ||
| 942 | _cJS | ||
| 999 |
_c55819 _d55819 |
||